000
00270nam a2200121Ia 4500
005
20251222144824.0
008
251222s9999||||xx |||||||||||||| ||spa||
082
_a
421/W19
100
_a
Walsh, Jane
245
0
_a
Readers Worksheets:
264
_b
Longman
942
_c
LIB
999
_c
20610
_d
20610